| 000 | 00330cam a22001097a 4500 | ||
|---|---|---|---|
| 008 | 180718b1952 xxu||||| |||| 00| 0 eng d | ||
| 082 | _aH22x5434 R137 | ||
| 100 | _aRajasthan. High Court | ||
| 245 | _aRules of the High Court of Judicature for Rajasthan, 1952 and appendices | ||
| 260 |
_aJodhpur _bThe author _c1952 |
||
| 300 | _a178+p | ||
| 999 |
_c491355 _d491355 |
||